00567 2200217 4500001002100000005001500021035002000036007000300056008004100059020001800100082001000118084001600128100002400144245005000168250001000218260004800228300003400276650001800310990001100328990001000339INLIS00000000000449020220323014137 a0010-1119000117ta220323 g 1 ind  a9786020304786 a736.9 a736.9 OCT a0 aOctavyani, vlorenia1 aAdventure In Paper Land /cVlorenia Octavyani acet.1 aJAKARTA :bPT Gramedia Pustaka Utama,c2014 a66 hlm :b.ilus ;c18 x 24 cm 4aKREASI.KERTAS a14871a a14871